Luxemburg (Stadt) - Stadtteile - Statistics

General Stats
  • This quiz has been taken 16 times
  • The average score is 13 of 24
Answers on the Map
Answers color-coded by a green-red scale on the quiz's map according to % correct below.
 
Answer Stats
Answer % Correct
Kirchberg
100%
Gasperich
88%
Beggen
75%
Cents
75%
Clausen
75%
Hamm
75%
Merl
75%
Belair
63%
Bonnevoie-Nord
63%
Bonnevoie-Sud
63%
Gare
63%
Limpertsberg
63%
Cessange
50%
Grund
50%
Hollerich
50%
Ville-Haute
50%
Dommeldange
38%
Neudorf-Weimershof
38%
Pfaffenthal
38%
Rollingergrund
25%
Eich
13%
Mühlenbach
13%
Pulvermühl
13%
Weimerskirch
13%
No matching quizzes found
Score Distribution
Percent of People with Each Score
Percentile by Number Answered
Your Score History
You have not taken this quiz